¿Qué es filosofía?
Guardado en:
| Autor principal: | |
|---|---|
| Formato: | Desconocido |
| Publicado: |
Madrid, España:
Alianza,
2005.
|
| Edición: | Decimonovena edición |
| Colección: | Obras de José Ortega y Gasset
|
| Materias: | |
| Etiquetas: |
Agregar Etiqueta
Sin Etiquetas, Sea el primero en etiquetar este registro!
|
MARC
| LEADER | 00000 a2200000 4500 | ||
|---|---|---|---|
| 003 | CL-VaPUC | ||
| 005 | 20221118175705.0 | ||
| 008 | 220708t2005 ||||| |||| 00| 0 eng d | ||
| 999 | |c 436404 |d 436402 | ||
| 020 | |a 84-206-4105-7 | ||
| 040 | |c Pontificia Universidad Católica de Valparaíso | ||
| 082 | |a 101 ORT 2005 | ||
| 100 | |a Ortega y Gasset, José |e autor |9 878566 | ||
| 245 | |a ¿Qué es filosofía? | ||
| 250 | |a Decimonovena edición | ||
| 260 | |a Madrid, España: |b Alianza, |c 2005. | ||
| 300 | |a 234 páginas. | ||
| 490 | |a Obras de José Ortega y Gasset |n 5. | ||
| 583 | |k GC |c 20220708 | ||
| 650 | |a Filosofía |9 223554 | ||
| 650 | |a Escuelas filosóficas |9 266232 | ||
| 650 | |a Teoría del conocimiento |9 877650 | ||
| 650 | |a Metafísica |9 265649 | ||
| 942 | |2 ddc |c BK |m 1 | ||
| 952 | |0 0 |1 0 |2 ddc |4 0 |6 101_000000000000000_ORT_2005 |7 0 |8 A |9 587230 |a BIBTEO |b BIBTEO |c GEN |d 2022-10-13 |e 3 |g 45236.00 |i 5655163 |l 3 |o 101 ORT 2005 |p 5655163 |r 2025-03-17 |s 2025-03-17 |t 1 |v 45236.00 |w 2022-10-13 |y BK |k ICR | ||
| 952 | |0 0 |1 0 |2 ddc |4 0 |6 101_000000000000000_ORT_2005 |7 0 |8 A |9 587231 |a BIBTEO |b BIBTEO |c GEN |d 2022-10-13 |e 3 |g 45236.00 |i 5655164 |l 1 |m 1 |o 101 ORT 2005 |p 5655164 |r 2025-01-17 |s 2023-03-10 |t 2 |v 45236.00 |w 2022-10-13 |y BK |k ICR | ||